| 000 | 00786nam a2200181 i 4500 | ||
|---|---|---|---|
| 001 | 82703 | ||
| 003 | ES-MaACL | ||
| 005 | 20250823063044.0 | ||
| 007 | t| | ||
| 008 | 190521s1853 sp ||||1| spa d | ||
| 100 | 1 |
_aEscosura Morrogh, Luis de la, _d1821-1904 _9126953 |
|
| 245 | 1 | 0 |
_aInforme sobre la mina Santa Cecilia sita en Hiendelencina / _c[Luis de la Escosura]. |
| 260 |
_aMadrid : _b[s.n.], _c1853 ( _fJ. de M. González) |
||
| 300 |
_a8 p., [1 h. pleg. de plan.] ; _c20 cm. |
||
| 650 | 4 |
_aMinas de plata- _zHiendelaencina. _9167054 |
|
| 852 |
_aES-MaACL _jB-8925(4) _z.- Legado de Federico de Botella y de Hornos _z.- Encuadernado en un vol. facticio agrupado con el nombre en el lomo: España, geología, memorias y documentos varios 9 a 19 |
||
| 999 |
_c82703 _d82703 |
||